| 000 | 00000nas##2200000za#4500 |
| 001 | 9.515213 |
| 003 | CaOODSP |
| 005 | 20210615082929 |
| 007 | ta |
| 008 | 150406c2004||||xxc|| m #||||f| |0eng|d |
| 022 | |a1712-0209 |
| 040 | |aCaOODSP|beng |
| 043 | |an-cn--- |
| 086 | 1 |aEn153-113E |
| 110 | 1 |aCanada.|bEnvironment Canada. |bEco-Technology Innovation Section. |
| 245 | 10|aTechnological innovation |
| 260 | |aMontreal - Quebec : |bEnvironment Canada. |
| 310 | |aIrregular |
| 500 | |a"... to disseminate the results of technology development and demonstration projects carried out in the following sectors: wastewater, atmospheric emissions, contaminated soil, waste management, hazardous waste, agri-environment and innovative tools and processes." |
| 520 | 3 |aThis data sheet series disseminates the results of technology development and demonstration projects. Data sheets cover the following areas: wastewater, atmospheric emissions, contaminated soil, waste management, hazardous waste, agri-environment, and innovative tools and processes. |
| 563 | |aPamphlet |
| 775 | 08|tInnovation technologique |w(CaOODSP)9.513544 |
| 776 | 0#|tTechnological innovation |w(CaOODSP)9.505115 |
| 780 | 00|tSt. Lawrence technologies / |w(CaOODSP)9.514532 |